banner koha

Estimativa de peso médio de bananas verdes comercializadas em caixas de madeira por bananicultores na região do litoral norte catarinense (Registro n. 221525)

MARC details
000 -LÍDER
campo de controle de tamanho fixo 00874nas a2200277 4500
001 - NÚMERO DE CONTROLE
campo de controle BR2012006267
003 - IDENTIFICADOR DO NÚMERO DE CONTROLE
campo de controle BR-BrBNA
005 - DATA E HORÁRIO DA ÚLTIMA TRANSAÇÃO
campo de controle 20231205121027.0
007 - CAMPO FIXO DE DESCRIÇÃO FÍSICA--INFORMAÇÃO GERAL
campo de controle de tamanho fixo ta
008 - CAMPO DE DADOS FIXOS--INFORMAÇÃO GERAL
campo de controle de tamanho fixo 230509b bl.|||p| |||| 00| 00por d
040 ## - FONTE DA CATALOGAÇÃO
Instituição da catalogação original BR-BrBNA
Idioma da catalogação por
Instituição que transcreveu o registro Biblioteca Nacional de Agricultura
041 ## - CÓDIGO DE IDIOMA
Código do idioma do texto/trilha sonora ou título diferente (Pt)
072 ## - CÓDIGO DE CATEGORIA DE ASSUNTO
Código de Categoria de Assunto Q80
100 1# - ENTRADA PRINCIPAL--NOME PESSOAL
Nome pessoal Negreiros, R.J.Z. de
100 1# - ENTRADA PRINCIPAL--NOME PESSOAL
Nome pessoal Hinz, R.H.
100 1# - ENTRADA PRINCIPAL--NOME PESSOAL
Nome pessoal Stuker, H.
245 1# - TÍTULO
Título Estimativa de peso médio de bananas verdes comercializadas em caixas de madeira por bananicultores na região do litoral norte catarinense
650 ## - ASSUNTO--TERMO TÓPICO
Cabeçalho tópico ou nome geográfico BANANA
650 ## - ASSUNTO--TERMO TÓPICO
Cabeçalho tópico ou nome geográfico PESO
650 ## - ASSUNTO--TERMO TÓPICO
Cabeçalho tópico ou nome geográfico EMBALAGEM
650 ## - ASSUNTO--TERMO TÓPICO
Cabeçalho tópico ou nome geográfico COMERCIALIZAÇÃO
650 ## - ASSUNTO--TERMO TÓPICO
Cabeçalho tópico ou nome geográfico DANO MECÂNICO
773 0# - ENTRADA ANALÍTICA
Título Agropecuária Catarinense (Brazil)
ISSN - International Standard Serial Number ISSN 0103-0779
Partes relacionadas (Jul 2012), v. 25(2) p. 85-88
Número de controle do registro BR2012006267
909 ## -
-- 202311
-- Lúcia
-- 55
-- Lúcia Elande
942 ## - ELEMENTOS DE ENTRADA ADICIONADOS (KOHA)
Fonte da classificação ou esquema de arquivamento na estante Classificação AGRIS
Ocultar no OPAC Não
Tipo de material Koha Analítica
Exemplares
Situação do descarte Fonte da classificação ou esquema de arquivamento na estante Situação física Não pode ser emprestado Biblioteca de origem Biblioteca atual Localização na estante Enumeração do periódico / cronologia Total de empréstimos Data de último acesso Número do exemplar Tipo de material Koha Fonte de aquisição
  Classificação AGRIS   Consulta local Biblioteca Nacional de Agricultura - Binagri Biblioteca Nacional de Agricultura - Binagri   (Jul 2012), v. 25(2) p. 85-88   29/11/2023 01 Periódicos Portaria Interministerial nº 164/94

BINAGRI

Telefone: (61)3218-2567/2388/3357/2097 - binagri@agro.gov.br

Ministério da Agricultura e Pecuária , Esplanada dos Ministérios, Bloco D, Anexo B, Brasília/DF, CEP: 70.043-900